| 000 | 00325nam a2200121Ia 4500 | ||
|---|---|---|---|
| 008 | 230907s9999||||xx |||||||||||||| ||und|| | ||
| 082 | _a532.051,LEV | ||
| 100 |
_aLevy, Salomon. _9115158 |
||
| 245 | 0 | _aTwo-phase flow in complex systems / | |
| 260 |
_aJohn Wiley, _bNew York : _c1999 |
||
| 300 | _axvii, 425 p. : | ||
| 942 | _cBK | ||
| 999 |
_c597730 _d597730 |
||